000
00300nam a22001337a 4500
008
171018b xxu||||| |||| 00| 0 eng d
020
_a
1567952355
041
_a
eng
080
_a
338
100
_a
53
101
_a
MEN
245
_a
LEADING OTHERS MANAGING YOYRSELF
_c
MCGINN.P
942
_2
udc
_c
BK
999
_c
34649
_d
34649